00514nam a2200181 a 450000100100000000500170001000800410002702000150006804000250008308200180010810000250012624500430015126000500019430000210024465000220026565000260028765000190031300002439220200930022951.0110126s2001 gd 000 f spa d a8495805014 aDO-SdBNPbspacBNPHU a863.64bP912m1 aPrat, Isidro,d1951-10aMediterráneo asesino /cIsidro Prat. aArmilla, (Granada) :bEdiciones Osuna,c2001. a115 p. ;c24 cm. 4aNovela española 4aLiteratura española 4aNovela amorosa